ARRUPE JESUIT UNIVERSITY

CORONAVIRUS -STOP THE SPREAD - CLEAN,DISINFECT,COVER

Freedom for service (Record no. 30165)

MARC details
000 -LEADER
fixed length control field 00493nam a2200193Ia 4500
003 - CONTROL NUMBER IDENTIFIER
control field 0100
005 - DATE AND TIME OF LATEST TRANSACTION
control field 20181113091442.0
008 - FIXED-LENGTH DATA ELEMENTS--GENERAL INFORMATION
fixed length control field 130303s9999 xx 000 0 und d
040 ## - CATALOGING SOURCE
Transcribing agency ARRUPELIB
050 ## - LIBRARY OF CONGRESS CALL NUMBER
Classification number BX2179.L9L35 1974
300 ## - PHYSICAL DESCRIPTION
Dimensions 24cm.
100 ## - MAIN ENTRY--PERSONAL NAME
Personal name Lefrank, Alex
9 (RLIN) 43377
245 ## - TITLE STATEMENT
Title Freedom for service
Remainder of title dynamics of the Ignatian exercises as currently understood and practiced
Statement of responsibility, etc Alex Lefrank and Maurice Giuliani
260 ## - PUBLICATION, DISTRIBUTION, ETC. (IMPRINT)
Place of publication, distribution, etc Rome
Name of publisher, distributor, etc World Federation of Christian Life Communities
Date of publication, distribution, etc 1989
300 ## - PHYSICAL DESCRIPTION
Extent 125p.
700 ## - ADDED ENTRY--PERSONAL NAME
Personal name Giuliani, Maurice
9 (RLIN) 43170
942 ## - ADDED ENTRY ELEMENTS (KOHA)
Source of classification or shelving scheme Library of Congress Classification
Koha item type Monograph ( Printed materials)
Holdings
Withdrawn status Lost status Source of classification or shelving scheme Damaged status Not for loan Collection code Home library Current library Shelving location Date acquired Total Checkouts Full call number Barcode Date last seen Copy number Price effective from Koha item type
    Library of Congress Classification     Main Collection ARRUPE LIBRARY ARRUPE LIBRARY Main Collection 04/03/2013   BX2179.L9 L35 1974 40002503660 22/11/2017 1 04/03/2013 Monograph ( Printed materials)
    Library of Congress Classification     Main Collection ARRUPE LIBRARY ARRUPE LIBRARY Main Collection 04/03/2013   BX2179.L8 L52 1989 46003026792 22/11/2017 2 04/03/2013 Monograph ( Printed materials)

 

Arrupe Library. PO Box MP320 Mt Pleasant, Harare, Zimbabwe
263 242 745411|librarian@aju.ac.zw